000 00558nam a22001817a 4500
005 20260410110358.0
008 260410b |||||||| |||| 00| 0 eng d
037 _cDSWL
040 _aDSWL
_cDSWL
041 _heng
245 _aCommunity Biodiversity Management
260 _aLondon,
_bRoutledge Publication,
_c2013
300 _a417p
365 _aINR
_b3128
700 _aAbishkar Subedi, Nivaldo Peroni & Marja Thijssen Ed.
_91234606
942 _2CC
_cTEXL
_n0
999 _c1848195
_d1848195